| 000 | 01440cad a22002535a 4500 | ||
|---|---|---|---|
| 001 | L142887 | ||
| 008 | 080317s2007 xxkd f s 000 0 eng d | ||
| 035 | _a(Sirsi) u142887 | ||
| 041 | 0 | _aeng | |
| 050 | 0 | 4 | _a331.281333 $2 18 |
| 110 | 2 |
_aRoyal Institution of Chartered Surveyors _94900 |
|
| 245 | 0 | 4 |
_aThe RICS and MacDonald and Company Middle East salary survey 2007 _h[electronic resource] |
| 260 |
_aLondon _bMacdonald and Company _aLondon _bRICS _c2007 |
||
| 300 |
_a24p. _bill. _c30cm. |
||
| 520 | _aReports that the average salary for professionals in the property sector is 34 394 AED including housing and transport allowances, but excluding bonuses and other benefits. Those with MRICS or FRICS status averaged 47 373 AED as compared to 33 067 AED for non-members. RICS members averaged a salary 43% higher than non-members. The highest paying areas of prime professional activity were found to be CEO, Development Manager and Finances. Bahrain was the highest paying territory, with Dubai also beating the average salary for the region. | ||
| 521 | 2 | _aAdvanced | |
| 590 | _aKA | ||
| 650 | 2 | 4 | _aRICS SALARY AND BENEFITS SURVEYS |
| 651 | 4 | _aMiddle East | |
| 690 | _aMANAGEMENT-BUSINESS MANAGEMENT-HUMAN RESOURCE MANAGEMENT | ||
| 710 | 2 |
_aMacdonald and Company _93846 |
|
| 856 | 4 | 1 |
_uhttps://www.macdonaldandcompany.com/content/dynamic.asp?id=910 _zView the item free of charge at www.macdonaldandcompany.com... |
| 942 | _n0 | ||
| 999 |
_c108008 _d108008 |
||